Statistics for Smallest Capital Cities

Click here to take the quiz!

General Stats

  • This quiz has been taken 26 times
  • The average score is 5 of 10

Answer Stats

PopulationCity% Correct
799Vatican City
95%
4,109San Marino
86%
5,450Vaduz
77%
5,730Valletta
59%
747Yaren
50%
391Ngerulmud
45%
4,645Palikir
41%
6,152Funafuti
36%
10,443Basseterre
32%
13,939Belmopan
18%

Score Distribution

Percentile by Number Answered

Percent of People with Each Score

Your Score History

You have not taken this quiz